书目信息 |
| 题名: |
红色记忆
|
|
| 作者: | ;海南省文化交流促进会 编 | |
| 分册: | 39 | |
| 出版信息: | 海口 南海出版公司 2014 |
|
| 页数: | 93页 | |
| 开本: | 26cm | |
| 丛书名: | ||
| 单 册: | ||
| 中图分类: | D642-49 , D642 | |
| 科图分类: | ||
| 主题词: | 革命传统教育--ge ming chuan tong jiao yu--中国--通俗读物 | |
| 电子资源: | ||
| ISBN: | 978-7-5442-7515-6 | |
| 000 | 00952nam0 2200277 450 | |
| 001 | 1750822718 | |
| 005 | 20170105201844.31 | |
| 010 | @a978-7-5442-7515-6@dCNY20.00 | |
| 100 | @a20150129d2014 em y0chiy50 ea | |
| 101 | 0 | @achi |
| 102 | @aCN@b460000 | |
| 105 | @aac z 000yy | |
| 106 | @ar | |
| 200 | 1 | @a红色记忆@Ahong se ji yi@h39@f海南省文化交流促进会编 |
| 210 | @a海口@c南海出版公司@d2014 | |
| 215 | @a93页@c图, 肖像@d26cm | |
| 304 | @a分辑号取自版权页 | |
| 312 | @a英文题名取自封面 | |
| 330 | @a本书主要内容包括: 陈赓, 王根英在上海 ; 开国大将徐海东的虎气神威 ; 打响抗美援朝“第一枪”的开国中的降温玉杰 ; 沈东平血染马路口等。 | |
| 510 | 1 | @aMemories of revolution@zeng |
| 606 | 0 | @a革命传统教育@Age ming chuan tong jiao yu@y中国@j通俗读物 |
| 690 | @aD642-49@v5 | |
| 690 | @aD642@v4 | |
| 711 | 02 | @a海南省文化交流促进会@Ahai nan sheng wen hua jiao liu cu jin hui@4编 |
| 801 | 0 | @aCN@b人天书店@c20150129 |
| 905 | @aBZT@dD642@e4-39 | |
| 红色记忆.39/海南省文化交流促进会编.-海口:南海出版公司,2014 |
| 93页:图, 肖像;26cm |
| ISBN 978-7-5442-7515-6:CNY20.00 |
| 本书主要内容包括: 陈赓, 王根英在上海 ; 开国大将徐海东的虎气神威 ; 打响抗美援朝“第一枪”的开国中的降温玉杰 ; 沈东平血染马路口等。 |
| ● |
| 相关链接 |
|
|
|
正题名:红色记忆
索取号:D642/4-39
 
预约/预借
| 序号 | 登录号 | 条形码 | 馆藏地/架位号 | 状态 | 备注 |
| 1 | 821078 | 2000821078 | 思政阅览室/思1架B面1层7列/ [索取号:D642/4-39] | 在馆 | |
| 2 | 821079 | 2000821079 | 第二书库/ [索取号:D642/4-39] | 在馆 | |
| 3 | 821080 | 2000821080 | 第二书库/ [索取号:D642/4-39] | 在馆 |